000 00624nam a2200241Ia 4500
001 54353
005 20240114005420.0
007 ta
008 080101s383 g b000 u 346 u
040 _aCotton College,Assam
041 _a346
082 _a891.443
_bB561 B
100 _aBishee, Pramathnath .
245 0 _aBangabhanga /
_cPramathnath Bishee.
_hTextual Documents
250 _aist /
260 _aCalcutta :
_bMitra o Ghosh Pub ,
_c1383 B.
300 _a214pg ;
_c20cm.
653 _aBengali Literature
653 _aT./G-Bengali
942 _2ddc
_cBK
999 _c54316
_d54316